02492njm a2200421Ia 450000100060000000300090000600500170001500800410003204000130007304000130008610000170009910000180011610000370013424500210017125000110019226000110020326000700021430000100028450000410029450502720033565000470060770000600065470000910071470000870080570001020089270000760099470000680107070000730113870001680121170000790137970000720145870000800153070000870161070000940169770000940179170000880188570000970197324145IT-RoPAU20220918181130.0131025s9999 xx 000 0 und d aIT-RoPAU cIT-RoPAU aGlahé Will eAutore musica gCodice autore musica SPICS: 8033 aPolka King (The) a1a ed. aLONDON bDECCA RECORD COMPANYc1975 [1a Ed.:1975 - Ed. Lingua Orig.: 1975] aDISCO aMusica strumentale. Musica da ballo. aKinderfest-Polka - Wettspiele - Juxpolka - Newspaper Boy - Souvenir De Suisse - Beer Barrel Polka (Rosamunde) - Ambross-Polka - O, Susanna - Tanzende Finger - Krakowiak - Klarinetten Polka - Standchen (Serenade) - The Mill in the Black Forest - Am Abend Auf Der Heide aBALLO [DISCHI]eCodice MATERIA SPICS: 9950 aGlahé WillgCodice interprete SPICS: 8033eInterprete aBrowngCodice autore musica SPICS: 20445eAutore musicapBeer Barrel Polka (Rosamunde) aVejvoda JaromirgCodice autore SPICS: 13982eAutorepBeer Barrel Polka (Rosamunde) aTimmgCodice autore testo/musica SPICS: 26071eAutore testo/musicapBeer Barrel Polka (Rosamunde) aParlowgCodice autore musica SPICS: 27142eAutore musicapAmbross-Polka aBreuer IanosgCodice autore SPICS: 23827eAutorepAmbross-Polka aHinschgCodice autore musica SPICS: 27143eAutore musicapO, Susanna aGlahé WillgCodice autore SPICS: 8033eAutorepO, Susanna - Tanzende Finger - Krakowiak - Klarinetten Polka - Standchen (Serenade) - The Mill in the Black Forest aGerlachgCodice autore musica SPICS: 13981eAutore musicapTanzende Finger aAA.VV.gCodice autore musica SPICS: 12000eAutore musicapKrakowiak aAnonimogCodice autore musica SPICS: 2620eAutore musicapKlarinetten Polka aHeykens J.gCodice autore musica SPICS: 13768eAutore musicapStandchen (Serenade) aEilenberggCodice autore musica SPICS: 14491eAutore musicapThe Mill in the Black Forest aDi Lazzaro EldogCodice autore musica SPICS: 13500eAutore musicapAm Abend Auf Der Heide aRichter Frantisek XavergCodice autore SPICS: 14275eAutorepAm Abend Auf Der Heide aReitergCodice autore testo/musica SPICS: 18011eAutore testo/musicapAm Abend Auf Der Heide